The Structural Determinants of the Labor Share in Europe /

The labor share in Europe has been on a downward trend. This paper finds that the decline is concentrated in manufacture and among low- to mid-skilled workers. The shifting nature of employment away from full-time jobs and a rollback of employment protection, unemployment benefits and unemployment b...

全面介紹

書目詳細資料
主要作者: Dimova, Dilyana
格式: 雜誌
語言:English
出版: Washington, D.C. : International Monetary Fund, 2019.
叢編:IMF Working Papers; Working Paper ; No. 2019/067
在線閱讀:Full text available on IMF
LEADER 01722cas a2200241 a 4500
001 AALejournalIMF019136
008 230101c9999 xx r poo 0 0eng d
020 |c 5.00 USD 
020 |z 9781498302920 
022 |a 1018-5941 
040 |a BD-DhAAL  |c BD-DhAAL 
100 1 |a Dimova, Dilyana. 
245 1 4 |a The Structural Determinants of the Labor Share in Europe /  |c Dilyana Dimova. 
264 1 |a Washington, D.C. :  |b International Monetary Fund,  |c 2019. 
300 |a 1 online resource (41 pages) 
490 1 |a IMF Working Papers 
500 |a <strong>Off-Campus Access:</strong> No User ID or Password Required 
500 |a <strong>On-Campus Access:</strong> No User ID or Password Required 
506 |a Electronic access restricted to authorized BRAC University faculty, staff and students 
520 3 |a The labor share in Europe has been on a downward trend. This paper finds that the decline is concentrated in manufacture and among low- to mid-skilled workers. The shifting nature of employment away from full-time jobs and a rollback of employment protection, unemployment benefits and unemployment benefits have been the main contributors. Technology and globalization hurt sectors where jobs are routinizable but helped others that require specialized skills. High-skilled professionals gained labor share driven by productivity aided by flexible work environments, while low- and mid-skilled workers lost labor share owing to globalization and the erosion of labor market safety nets. 
538 |a Mode of access: Internet 
830 0 |a IMF Working Papers; Working Paper ;  |v No. 2019/067 
856 4 0 |z Full text available on IMF  |u http://elibrary.imf.org/view/journals/001/2019/067/001.2019.issue-067-en.xml  |z IMF e-Library